Responses for National College Championship game #11 - Wednesday, February 16, 2022

2022 National College Championship quarterfinal game 11.

Contestants

[<< previous game]

Claire Jackson, a sophomore at Spelman College in Atlanta, Georgia

Nam Vu, a senior at Georgetown University in Washington, D.C.

Fiona Hellerman, a senior at Tulane University in New Orleans, Louisiana

[next game >>]

Jeopardy! Round responses

MARVEL
RECENT NEWS
DO ME A SOLID
LITERATURE: "GOOD" OR "GREAT"
(Mayim: Each title contains one of those two words.)
THE HARDER THEY FALL
3-SYLLABLE WORDS
    $200 18
(Mayim: Yes, the late [*].)

Chadwick Boseman

Fiona ♥
    $200 26
Meta

Claire
    $200 30
(Claire: What is nitrogen?)
(Fiona: What is hydrogen?)

carbon dioxide

Fiona ♥Claire
Triple Stumper
    $200 24
The Great Gatsby

Fiona ♥
    $200 29
(Nam: Who are the Mets?)

the Pittsburgh Pirates

Nam
Triple Stumper
    $200 28
(Claire: [Shakes head])

company

Fiona ♥Claire
    $400 10
palladium

Nam
    $400 1
New York City

Triple Stumper
    $400 25
iron

Triple Stumper
    $300 5
Great Expectations

Fiona ♥
    $400 20
Icarus

Nam
    $400 27
(Nam: What are numeric?)

dimensions

Nam
Triple Stumper
    $600 7
Vin Diesel

Claire
    $600 2
Trudeau

Nam
    $600 3
mercury

Nam
    $600 4
Good Omens

Fiona ♥
    $600 13
The Producers

Nam
    $600 15
Circumstance

Fiona ♥
    $800 9
the Quantum Realm

Nam
    $800 17
Pete Buttigieg

Claire
    $800 11
zinc

Triple Stumper
    $800 6
"Do Not Go Gentle Into That Good Night"

Nam
    $800 14
the Red Sea

Nam
    $800 21
inflation

Fiona ♥
    $1000 8
Kree

Nam
    $1000 19
Abraham

Claire
    $1000 12
dodecahedron

Nam
    $1000 23
The Good Earth

Nam
    $1000 22
the Old Man of the Mountain

Triple Stumper
    $1000 16
synopsis

Nam

Scores at the first commercial break (after clue 15):

Fiona ♥ Nam Claire
$1,500 $6,600 $600

Scores at the end of the Jeopardy! Round:

Fiona ♥ Nam Claire
$2,700 $8,400 $2,200

Double Jeopardy! Round responses

THEY WROTE YOUR TEXTBOOKS
HISTORIC NAMES
AFRICAN GEOGRAPHY
POTPOURRI
CELEBS' RECENT PROJECTS
"X" MARKS THE CATEGORY
(Mayim: There's an "X" in each response.)
    $400 30
biology

Nam
    $400 9
Pocahontas

Nam
    $400 27
Nigeria

Triple Stumper
    $400 16
Pokémon

Nam
    $400 7
(Fiona: What is a reality TV show?)

a cooking show

Fiona ♥Claire
    $400 29
exchange (or export)

Claire
    $800 8
(Claire: What is history?)

Constitution

Claire
Triple Stumper
    $800 14
Sojourner Truth

Claire
    $800 26
South Sudan

Fiona ♥
    $800 17
(Fiona: What is Google?)

Microsoft

Fiona ♥
Triple Stumper
    $800 6
Cinderella

Fiona ♥
    $800 28
an oxymoron

Claire
    $1200 23
Algorithms

Triple Stumper
    $1200 15
(Claire: Who is Plato?)

Cicero

Claire
Triple Stumper
    $1200 3
(Nam: What is Cairo?)

Alexandria

Nam
Triple Stumper
    $1200 11
William Shatner

Triple Stumper
    $1200 5
Emily Ratajkowski

Claire
    $1200 12
Luxor

Claire
    $1600 24
Statistics

Triple Stumper
    $3,000 18
(Oskar) Schindler

Nam
    $1600 21
the Orange River

Nam
    $1600 10
(Claire: What is... Quebec?)
(Fiona: What is Newfoundland?)

New Brunswick

Fiona ♥Claire
Triple Stumper
    $1600 4
Allyson Felix

Claire
    $1600 19
a maxim

Triple Stumper
    $2,000 25
(Nam: Who is St. Ignatius of Loyola?)

Thomas Aquinas

Nam
    $2000 20
Linnaeus

Nam
    $2000 22
the Canary Islands

Triple Stumper
    $2000 2
(Oliver) Cromwell

Nam
    $2000 1
Darren Criss

Nam
    $2000 13
the calyx

Triple Stumper

Scores at the end of the Double Jeopardy! Round:

Fiona ♥ Nam Claire
$1,500 $17,000 $5,000
(lock game)

[wagering suggestions for these scores]

Final Jeopardy! Round responses

HOLIDAYS & OBSERVANCES
(Fiona: My pen stopped working...)
...
(Mayim: $1881, is that a special year?)
(Claire: That's the year Spelman was founded.)
(Mayim: [Laughs] That's lovely.)
Fiona ♥What the Lee Estate
$500
ClaireWhat is stone mountain?
$1,881
NamWhat is Gettysburg
$0
Arlington National Cemetery

Final scores:

Fiona ♥ Nam Claire
$1,000 $17,000 $3,119
3rd place: $10,000 Winner: semifinalist 2nd place: $10,000

Game dynamics:

Coryat scores:

Fiona ♥ Nam Claire
$1,600 $17,600 $5,000
9 R
(including 1 DD),
4 W
20 R
(including 1 DD),
4 W
(including 1 DD)
11 R,
5 W

Combined Coryat: $24,200

[game clues] [game scores] [suggest correction]

Game tape date: 2021-11-22
The J! Archive is created by fans, for fans. Scraping, republication, monetization, and malicious use prohibited; this site may use cookies and collect identifying information. See terms. The Jeopardy! game show and all elements thereof, including but not limited to copyright and trademark thereto, are the property of Jeopardy Productions, Inc. and are protected under law. This website is not affiliated with, sponsored by, or operated by Jeopardy Productions, Inc. Join the discussion at JBoard.tv.